000 00370nam a2200157Ia 4500
008 230524s9999 xx 000 0 und d
082 _a330.33
_bJHI
100 _aM.L. Jhingan
_942702
245 0 _aMicro Economics
250 _a8
260 _aNew Delhi
_bVrinda Pub.
_c2016
300 _a534p;
500 _aQuantity Number: 1
650 _aEconomics
942 _cBK
999 _c57690
_d57690